[Event "Belgrade Trophy 30th"]
[Site "Belgrade"]
[Date "2016.11.24"]
[Round "1"]
[White "Sekulovic, Dusica"]
[Black "Kuzmin, Yuriy"]
[Result "0-1"]
[WhiteElo "1782"]
[BlackElo "2236"]
[PlyCount "84"]
[EventDate "2016.11.24"]
[EventType "swiss"]
[EventRounds "9"]
[EventCountry "SRB"]
[SourceTitle "CBM 175 Extra"]
[Source "ChessBase"]
[SourceDate "2016.12.12"]
[SourceVersion "1"]
[SourceVersionDate "2016.12.12"]
[SourceQuality "1"]

1. e4 c5 2. Nc3 d6 3. g3 Nc6 4. Bg2 g6 5. d3 Bg7 6. Be3 Rb8 7. Qd2 b5 8. Nge2 b4 9. Nd1 h5 10. h4 Nf6 11. f3 0-0 12. 0-0 Bd7 13. Bh6 Nd4 14. Bxg7 Kxg7 15. Nf2 Qb6 16. b3 a5 17. Nxd4 cxd4 18. a4 Rbc8 19. Nd1 Qc7 20. Ra2 Qc5 21. Kh2 Rc7 22. Rf2 Rfc8 23. Bh3 Bxh3 24. Kxh3 e5 25. Kh2 d5 26. Qg5 dxe4 27. dxe4 Qd6 28. Qd2 Qe6 29. Rb2 Nd7 30. Qd3 Nc5 31. Qb5 Rb7 32. Qxa5 d3 33. Ne3 dxc2 34. Rfxc2 Nd3 35. Rxc8 Qxc8 36. Rb1 Qc3 37. Kg1 Qd2 38. Nd1 Qe1+ 39. Kg2 Qe2+ 40. Kg1 Qxf3 41. Qd5 Rc7 42. Rb2 Qxd1+ 0-1

[Event "SRB-ch sf (Women)"]
[Site "Belgrade"]
[Date "2016.03.29"]
[Round "9"]
[White "Ostojic, Katarina"]
[Black "Sekulovic, Dusica"]
[Result "1-0"]
[WhiteElo "1903"]
[BlackElo "1754"]
[PlyCount "67"]
[EventDate "2016.03.21"]
[EventType "swiss"]
[EventRounds "9"]
[EventCountry "SRB"]
[SourceTitle "CBM 171 Extra"]
[Source "ChessBase"]
[SourceDate "2016.04.26"]
[SourceVersion "1"]
[SourceVersionDate "2016.04.26"]
[SourceQuality "1"]

1. d4 Nf6 2. c4 e6 3. Nf3 h6 4. Nc3 d5 5. Bf4 c6 6. e3 dxc4 7. Bxc4 Be7 8. 0-0 Nbd7 9. Rc1 0-0 10. Qc2 Nb6 11. Bd3 Nbd5 12. Bg3 Nb4 13. Qe2 Nxd3 14. Qxd3 b6 15. Ne5 Bb7 16. Ne4 Rc8 17. Rfd1 Nxe4 18. Qxe4 Qd5 19. Qb1 Rfd8 20. e4 Qb5 21. Rd3 c5 22. Rb3 Qe8 23. dxc5 Bxc5 24. Kh1 Rd2 25. f3 f6 26. Nd3 Ba6 27. Bf4 Re2 28. Nxc5 bxc5 29. Rc2 Rxc2 30. Qxc2 e5 31. Be3 Qd7 32. Bxc5 Rxc5 33. Qxc5 Qd1+ 34. Qg1 1-0

[Event "SRB-ch sf (Women)"]
[Site "Belgrade"]
[Date "2016.03.21"]
[Round "1"]
[White "Sekulovic, Dusica"]
[Black "Kovacevic, Radmila"]
[Result "1/2-1/2"]
[WhiteElo "1754"]
[BlackElo "2100"]
[PlyCount "96"]
[EventDate "2016.03.21"]
[EventType "swiss"]
[EventRounds "9"]
[EventCountry "SRB"]
[SourceTitle "CBM 171 Extra"]
[Source "ChessBase"]
[SourceDate "2016.04.26"]
[SourceVersion "1"]
[SourceVersionDate "2016.04.26"]
[SourceQuality "1"]

1. e4 e5 2. Nc3 Nf6 3. Nf3 d5 4. d4 exd4 5. Qxd4 Nc6 6. Bb5 Bd7 7. Bxc6 Bxc6 8. exd5 Nxd5 9. 0-0 Be7 10. Qxg7 Rf8 11. Re1 Qd6 12. Bg5 0-0-0 13. Bxe7 Nxe7 14. Rad1 Qg6 15. Rxd8+ Rxd8 16. Qxg6 Nxg6 17. Ng5 Rg8 18. Re3 Nh4 19. Rg3 Nf5 20. Nxh7 Nxg3 21. hxg3 Rg6 22. Nd1 Kd8 23. Ne3 Ke7 24. g4 f6 25. f4 Rg7 26. Nf5+ Kf7 27. Nxg7 Kxg7 28. Nxf6 Kxf6 29. Kf2 Be4 30. c3 Bb1 31. a3 Ke6 32. Ke3 Kd5 33. g3 b5 34. g5 Bf5 35. Kf3 Bc2 36. g4 Bd1+ 37. Kg3 Ke4 38. g6 Bb3 39. f5 Ke5 40. Kh4 Kf6 41. Kh5 a5 42. Kh6 Bg8 43. Kh5 a4 44. Kh6 c6 45. Kh5 Bc4 46. Kh6 Bg8 47. Kh5 Bc4 48. Kh6 Bg8 1/2-1/2

[Event "SRB-chT (Women)"]
[Site "Kragujevac"]
[Date "2015.08.28"]
[Round "9.2"]
[White "Gara, Ticia"]
[Black "Sekulovic, Dusica"]
[Result "1-0"]
[WhiteElo "2367"]
[BlackElo "1746"]
[PlyCount "47"]
[EventDate "2015.08.20"]
[EventType "team-tourn"]
[EventRounds "11"]
[EventCountry "SRB"]
[SourceTitle "EXT 2016"]
[Source "ChessBase"]
[SourceDate "2015.10.08"]
[SourceVersion "1"]
[SourceVersionDate "2015.10.08"]
[SourceQuality "1"]
[WhiteTeam "Kac Jugovic (W)"]
[BlackTeam "Belgrade Radnicki (W)"]
[WhiteTeamCountry "SRB"]
[BlackTeamCountry "SRB"]

1. e4 e5 2. Nf3 d6 3. d4 exd4 4. Nxd4 Nf6 5. Nc3 Be7 6. Bf4 Nc6 7. Qd2 Bd7 8. 0-0-0 0-0 9. f3 Nxd4 10. Qxd4 Bc6 11. Kb1 Re8 12. Bc4 a6 13. Rhe1 Nd7 14. Nd5 Bf8 15. a3 b5 16. Ba2 a5 17. Qc3 Ra6 18. a4 b4 19. Qc4 Nc5 20. Nxb4 d5 21. Nxd5 Bxd5 22. Rxd5 Qf6 23. Be3 Rb8 24. Bd4 1-0

[Event "EU-ch (Women) 14th"]
[Site "Belgrade"]
[Date "2013.07.27"]
[Round "5"]
[White "Pihajlic, Amalija"]
[Black "Sekulovic, Dusica"]
[Result "1/2-1/2"]
[WhiteElo "1882"]
[BlackElo "1805"]
[PlyCount "64"]
[EventDate "2013.07.23"]
[EventType "swiss"]
[EventRounds "11"]
[EventCountry "SRB"]
[SourceTitle "CBM 155 Extra"]
[Source "ChessBase"]
[SourceDate "2013.08.26"]
[SourceVersion "1"]
[SourceVersionDate "2013.08.26"]
[SourceQuality "1"]

1. e4 e6 2. d4 d5 3. exd5 exd5 4. Bd3 Bd6 5. Ne2 Ne7 6. 0-0 0-0 7. Bf4 Bxf4 8. Nxf4 Bf5 9. c3 Bxd3 10. Nxd3 Nf5 11. Nd2 Nd6 12. Qf3 c6 13. Rfe1 Nd7 14. Re2 Nf6 15. Ne5 Qc7 16. Ng4 Nxg4 17. Qxg4 Rfe8 18. Rae1 Rxe2 19. Rxe2 Re8 20. Rxe8+ Nxe8 21. Qe2 Qd7 22. h3 Nf6 23. Qe5 Qe8 24. Qxe8+ Nxe8 25. Kf1 Kf8 26. Ke2 Ke7 27. Ke3 Nd6 28. Kf4 Kf6 29. Kg4 Kg6 30. Kf4 Kf6 31. Kg4 Kg6 32. Kf4 Kf6 1/2-1/2

[Event "EU-ch (Women) 14th"]
[Site "Belgrade"]
[Date "2013.07.23"]
[Round "1"]
[White "Mamedjarova, Zeinab"]
[Black "Sekulovic, Dusica"]
[Result "1-0"]
[WhiteElo "2256"]
[BlackElo "1805"]
[PlyCount "67"]
[EventDate "2013.07.23"]
[EventType "swiss"]
[EventRounds "11"]
[EventCountry "SRB"]
[SourceTitle "CBM 155 Extra"]
[Source "ChessBase"]
[SourceDate "2013.08.26"]
[SourceVersion "1"]
[SourceVersionDate "2013.08.26"]
[SourceQuality "1"]

1. d4 d5 2. Nf3 Nf6 3. e3 Bf5 4. Bd3 Bxd3 5. cxd3 c6 6. 0-0 e6 7. Nc3 Be7 8. e4 0-0 9. Bg5 h6 10. Bxf6 Bxf6 11. Ne2 Nd7 12. e5 Be7 13. Kh1 Rc8 14. Nfg1 Qb6 15. f4 c5 16. dxc5 Nxc5 17. Rb1 Qa6 18. b4 Na4 19. Qb3 b5 20. f5 exf5 21. Rxf5 Qg6 22. Rbf1 Nb6 23. Nd4 a6 24. R5f3 Qg5 25. Nf5 Rc7 26. Rg3 Qd2 27. Rxg7+ Kh8 28. Rg3 Bg5 29. d4 Rc2 30. a3 Bf4 31. Rxf4 Qxf4 32. Qxc2 Rc8 33. Qd3 Rc1 34. Ne7 1-0

[Event "Belgrade-ch (Women)"]
[Site "Belgrade"]
[Date "2013.01.29"]
[Round "7"]
[White "Djukic, Sandra"]
[Black "Sekulovic, Dusica"]
[Result "1-0"]
[WhiteElo "2131"]
[BlackElo "1817"]
[PlyCount "71"]
[EventDate "2013.01.23"]
[EventType "swiss"]
[EventRounds "9"]
[EventCountry "SRB"]
[SourceTitle "EXT 2014"]
[Source "ChessBase"]
[SourceDate "2013.11.20"]
[SourceVersion "1"]
[SourceVersionDate "2013.11.20"]
[SourceQuality "1"]

1. d4 d5 2. c4 c6 3. e3 Nf6 4. Qc2 g6 5. Nc3 Bg7 6. Nf3 0-0 7. Bd3 dxc4 8. Bxc4 Bf5 9. Qe2 Bg4 10. 0-0 Nbd7 11. Rd1 Qc7 12. h3 Bxf3 13. Qxf3 Nb6 14. Bb3 a5 15. a4 Rad8 16. e4 Nfd7 17. Bg5 Nf6 18. Rac1 Rde8 19. Rd2 h6 20. Bf4 Qd7 21. Rcd1 Qc8 22. Be3 Qc7 23. Re2 Nbd7 24. e5 Nxe5 25. dxe5 Qxe5 26. Bf4 Qh5 27. Qxh5 Nxh5 28. Bc7 Ra8 29. Ne4 Nf6 30. Nxf6+ Bxf6 31. Bc4 Rfc8 32. Bb6 Kf8 33. b3 e6 34. Rd7 Rcb8 35. Bc7 Rc8 36. Bd6+ 1-0

[Event "Belgrade-ch (Women)"]
[Site "Belgrade"]
[Date "2013.01.25"]
[Round "3"]
[White "Tomin, Ksenija"]
[Black "Sekulovic, Dusica"]
[Result "0-1"]
[WhiteElo "1963"]
[BlackElo "1817"]
[PlyCount "101"]
[EventDate "2013.01.23"]
[EventType "swiss"]
[EventRounds "9"]
[EventCountry "SRB"]
[SourceTitle "EXT 2014"]
[Source "ChessBase"]
[SourceDate "2013.11.20"]
[SourceVersion "1"]
[SourceVersionDate "2013.11.20"]
[SourceQuality "1"]

1. e4 d5 2. exd5 Qxd5 3. Nc3 Qd6 4. d4 Nf6 5. Nf3 a6 6. g3 Bg4 7. Bg2 Nc6 8. Bf4 Qe6+ 9. Be3 0-0-0 10. 0-0 Qf5 11. Rc1 e5 12. d5 Nb4 13. Nh4 Qd7 14. f3 Bh3 15. Qe2 Bxg2 16. Nxg2 Nbxd5 17. Nxd5 Nxd5 18. Rfd1 Qe6 19. Bf2 Be7 20. Re1 Bf6 21. Qc4 Qf5 22. Qb3 Rhe8 23. c4 Ne7 24. Rcd1 Nc6 25. c5 Nd4 26. Bxd4 exd4 27. Rxe8 Rxe8 28. Qxf7 Rd8 29. Nf4 Rd7 30. Qf8+ Rd8 31. Qf7 Rd7 32. Qc4 c6 33. Qg8+ Rd8 34. Qf7 d3 35. Kg2 d2 36. Ne6 Qe5 37. Nxd8 Qe2+ 38. Kh3 Bxd8 39. Qf5+ Kc7 40. Qf4+ Kc8 41. Qxd2 Qe6+ 42. Kg2 Bf6 43. Re1 Qd5 44. Qxd5 cxd5 45. b4 Kc7 46. f4 Kd7 47. Rd1 Kc6 48. Kf3 a5 49. bxa5 Bc3 50. Rb1 Bxa5 51. Ke3 0-1

[Event "Belgrade Trophy 26th"]
[Site "Belgrade"]
[Date "2012.11.24"]
[Round "1"]
[White "Sekulovic, Dusica"]
[Black "Zivkovic, Dejan"]
[Result "0-1"]
[WhiteElo "1816"]
[BlackElo "2235"]
[PlyCount "64"]
[EventDate "2012.11.24"]
[EventType "swiss"]
[EventRounds "9"]
[EventCountry "SRB"]
[SourceTitle "CBM 151 Extra"]
[Source "ChessBase"]
[SourceDate "2012.12.18"]
[SourceVersion "1"]
[SourceVersionDate "2012.12.18"]
[SourceQuality "1"]

1. e4 c6 2. d4 d5 3. Nd2 dxe4 4. Nxe4 Bf5 5. Ng3 Bg6 6. Nf3 Nd7 7. Bc4 e6 8. c3 Bd6 9. Qe2 Ngf6 10. Nh4 Qe7 11. Bg5 Nb6 12. Nxg6 hxg6 13. Bb3 Qc7 14. 0-0-0 Nbd5 15. Rde1 Qa5 16. Bd2 Qc7 17. Qf3 b5 18. h3 a5 19. Ne4 Be7 20. Bc2 a4 21. Bd3 Qb6 22. Be3 Rd8 23. Rd1 a3 24. Qe2 Ra8 25. Nxf6+ gxf6 26. Kb1 axb2 27. Qxb2 Ra3 28. Rc1 b4 29. Bd2 b3 30. Bc4 Rxa2 31. Qxb3 Qxb3+ 32. Bxb3 Rxd2 0-1

[Event "Belgrade-ch (Women)"]
[Site "Belgrade"]
[Date "2012.01.30"]
[Round "9"]
[White "Sekulovic, Dusica"]
[Black "Rakic, Teodora"]
[Result "1-0"]
[WhiteElo "1803"]
[BlackElo "1805"]
[PlyCount "107"]
[EventDate "2012.01.22"]
[EventType "swiss"]
[EventRounds "9"]
[EventCountry "SRB"]
[SourceTitle "CBM 146 Extra"]
[Source "ChessBase"]
[SourceDate "2012.02.29"]
[SourceVersion "1"]
[SourceVersionDate "2012.02.29"]
[SourceQuality "1"]

1. e4 c6 2. d4 d5 3. Nd2 dxe4 4. Nxe4 Bf5 5. Ng3 Bg6 6. Nf3 Nd7 7. h4 h6 8. h5 Bh7 9. Bd3 Bxd3 10. Qxd3 e6 11. Be3 Ngf6 12. c3 Qc7 13. 0-0-0 Bd6 14. Ne4 Nxe4 15. Qxe4 Nf6 16. Qc2 0-0-0 17. Kb1 c5 18. Qa4 Nd5 19. dxc5 Bxc5 20. Bd4 f6 21. Bxc5 Qxc5 22. Qg4 Qb6 23. Qd4 e5 24. Qc4+ Qc7 25. Qg4+ Kb8 26. Qe4 Nb6 27. Qe2 Rxd1+ 28. Rxd1 Rd8 29. Nh4 Qc8 30. Ng6 Rxd1+ 31. Qxd1 Qd7 32. Qxd7 Nxd7 33. Ne7 Nc5 34. Nf5 Ne6 35. Kc2 Kc7 36. g3 a6 37. Kd3 Kc6 38. b3 b6 39. Ke3 Kc5 40. f4 exf4+ 41. gxf4 b5 42. Ke4 a5 43. Ne3 Nf8 44. Nf5 Ne6 45. a3 Kc6 46. Nd4+ Kd7 47. Nxe6 Kxe6 48. f5+ Kd6 49. Kd4 Kc6 50. a4 bxa4 51. bxa4 Kd6 52. c4 Kc6 53. c5 Kc7 54. Kd5 1-0

[Event "Belgrade-ch (Women)"]
[Site "Belgrade"]
[Date "2012.01.29"]
[Round "8"]
[White "Djukic, Sandra"]
[Black "Sekulovic, Dusica"]
[Result "1-0"]
[WhiteElo "2197"]
[BlackElo "1803"]
[PlyCount "93"]
[EventDate "2012.01.22"]
[EventType "swiss"]
[EventRounds "9"]
[EventCountry "SRB"]
[SourceTitle "CBM 146 Extra"]
[Source "ChessBase"]
[SourceDate "2012.02.29"]
[SourceVersion "1"]
[SourceVersionDate "2012.02.29"]
[SourceQuality "1"]

1. d4 d5 2. c4 c6 3. e3 Nf6 4. Qc2 Bg4 5. Ne2 e6 6. Ng3 Bb4+ 7. Bd2 Bxd2+ 8. Nxd2 Bh5 9. Nxh5 Nxh5 10. Bd3 Nf6 11. 0-0 h6 12. cxd5 exd5 13. b4 0-0 14. b5 a6 15. bxc6 Nxc6 16. Rab1 Qd7 17. Bf5 Qe7 18. Rfc1 Rab8 19. Qc5 Rfe8 20. g3 Red8 21. Bh3 Ne8 22. Qxe7 Nxe7 23. Nb3 b5 24. Kf1 Rb7 25. Na5 Rb6 26. Ke2 f5 27. Kd3 Kf7 28. Rc5 Nd6 29. Bg2 Ne4 30. Rc2 Ke6 31. Rbc1 Kd6 32. f3 Nf6 33. Rc5 Ke6 34. Nb3 Kd6 35. Na5 Ke6 36. Bh3 Ne8 37. Nc6 Nxc6 38. Rxc6+ Rxc6 39. Rxc6+ Rd6 40. Rc8 Nf6 41. Rc7 Ne8 42. Ra7 g6 43. e4 Rc6 44. exf5+ gxf5 45. g4 fxg4 46. Bxg4+ Kf6 47. Bd7 1-0

[Event "Belgrade Trophy 23rd"]
[Site "Obrenovac"]
[Date "2010.11.25"]
[Round "2"]
[White "Zivkovic, Dragoslav"]
[Black "Sekulovic, Dusica"]
[Result "0-1"]
[WhiteElo "2024"]
[BlackElo "1786"]
[PlyCount "54"]
[EventDate "2010.11.24"]
[EventType "swiss"]
[EventRounds "9"]
[EventCountry "YUG"]
[SourceTitle "CBM 139 Extra"]
[Source "ChessBase"]
[SourceDate "2011.01.05"]
[SourceVersion "1"]
[SourceVersionDate "2011.01.05"]
[SourceQuality "1"]

1. d4 Nf6 2. c4 e6 3. Nf3 Be7 4. Nc3 d5 5. e3 0-0 6. Bd3 dxc4 7. Bxc4 Nbd7 8. 0-0 c5 9. a3 a6 10. Be2 b5 11. Qc2 Bb7 12. Rd1 Qc7 13. Na2 Rac8 14. dxc5 Nxc5 15. Nd2 Qe5 16. Qc3 Qg5 17. Nf3 Qg6 18. Qe5 Nb3 19. Bd3 Be4 20. Bxe4 Nxe4 21. Rb1 Nxf2 22. Kxf2 Qxb1 23. Nc3 Qc2+ 24. Ke1 Nxc1 25. Nd4 Qxb2 26. Ne4 Qxg2 27. Qg3 Qxe4 0-1

[Event "Belgrade tt Cup"]
[Site "Belgrade"]
[Date "2010.04.15"]
[Round "2.9"]
[White "Sekulovic, Dusica"]
[Black "Ocokoljic, Zoran"]
[Result "0-1"]
[WhiteElo "1782"]
[BlackElo "2062"]
[PlyCount "110"]
[EventDate "2010.04.14"]
[EventType "team-tourn"]
[EventRounds "5"]
[EventCountry "SRB"]
[SourceTitle "EXT 2012"]
[Source "ChessBase"]
[SourceDate "2011.11.24"]
[SourceVersion "1"]
[SourceVersionDate "2011.11.24"]
[SourceQuality "1"]

1. e4 c5 2. Nc3 Nc6 3. g3 g6 4. Bg2 Bg7 5. d3 e6 6. f4 Nge7 7. Nf3 0-0 8. 0-0 d6 9. Be3 Nd4 10. Bf2 Nec6 11. Rb1 Bd7 12. a3 Rc8 13. Ne2 Nxe2+ 14. Qxe2 Nd4 15. Qd1 Qc7 16. c3 Nxf3+ 17. Bxf3 a5 18. Bg2 b5 19. d4 b4 20. axb4 axb4 21. dxc5 dxc5 22. e5 Rfd8 23. Qc2 Bb5 24. Rfd1 Bf8 25. cxb4 cxb4 26. Qxc7 Rxd1+ 27. Rxd1 Rxc7 28. Be4 Ba4 29. Rd2 Rc1+ 30. Kg2 Be7 31. Bb6 f5 32. exf6 Bxf6 33. Bd4 Be7 34. Be5 Kf7 35. Bf3 Bc5 36. Be4 Rg1+ 37. Kh3 Bb5 38. Bg2 Be3 39. Rc2 h5 40. Rc7+ Ke8 41. Be4 g5 42. Bg6+ Kd8 43. Bxh5 gxf4 44. Bf3 fxg3 45. hxg3 Rf1 46. Kg4 Bd3 47. Bb7 Be2+ 48. Kh4 Bb6 49. Rh7 Bc5 50. Rh8+ Kd7 51. Rc8 Rf5 52. Rc7+ Kd8 53. Rc8+ Ke7 54. Rc7+ Kf8 55. Rc8+ Kf7 0-1

[Event "Belgrade Spring op"]
[Site "Belgrade"]
[Date "2010.03.29"]
[Round "6"]
[White "Marinkov, Svetislav"]
[Black "Sekulovic, Dusica"]
[Result "1-0"]
[WhiteElo "1930"]
[BlackElo "1782"]
[PlyCount "91"]
[EventDate "2010.03.23"]
[EventType "swiss"]
[EventRounds "9"]
[EventCountry "YUG"]
[SourceTitle "CBM 135 Extra"]
[Source "ChessBase"]
[SourceDate "2010.05.04"]
[SourceVersion "1"]
[SourceVersionDate "2010.05.04"]
[SourceQuality "1"]

1. e4 c5 2. Nf3 Nc6 3. d4 cxd4 4. Nxd4 e5 5. Nb5 a6 6. Nd6+ Bxd6 7. Qxd6 Qf6 8. Qa3 Nge7 9. Nd2 d5 10. exd5 Nd4 11. Bd3 Bf5 12. Ne4 Bxe4 13. Bxe4 0-0 14. Qd3 h6 15. 0-0 Rfd8 16. c4 Rac8 17. b3 Ne6 18. Qf3 Ng5 19. Qxf6 gxf6 20. Bb1 b5 21. h4 Nh7 22. Bd3 bxc4 23. bxc4 e4 24. Be2 Ng6 25. Bxh6 Nxh4 26. Bd2 Ng6 27. Rac1 Ne5 28. Rc3 Nf8 29. Rfc1 Ne6 30. Rg3+ Kf8 31. Bh6+ Ke7 32. dxe6 Kxe6 33. c5 Nd3 34. Bxd3 exd3 35. Rd1 Rxc5 36. Rgxd3 Rh8 37. Bg7 Rh7 38. Rd6+ Kf5 39. Bxf6 Ra5 40. R1d2 Rb5 41. Bb2 Ra5 42. f3 Kg5 43. Kf2 f5 44. Bf6+ Kh5 45. Bd8 Ra4 46. g4+ 1-0

[Event "Belgrade Spring op"]
[Site "Belgrade"]
[Date "2010.03.26"]
[Round "4"]
[White "Taushanov, Mihail"]
[Black "Sekulovic, Dusica"]
[Result "1-0"]
[WhiteElo "1972"]
[BlackElo "1782"]
[PlyCount "141"]
[EventDate "2010.03.23"]
[EventType "swiss"]
[EventRounds "9"]
[EventCountry "YUG"]
[SourceTitle "CBM 135 Extra"]
[Source "ChessBase"]
[SourceDate "2010.05.04"]
[SourceVersion "1"]
[SourceVersionDate "2010.05.04"]
[SourceQuality "1"]

1. c4 Nf6 2. g3 c6 3. Bg2 d6 4. Nc3 g6 5. e3 Bg7 6. Nge2 0-0 7. 0-0 Na6 8. a3 Nc7 9. Qc2 e5 10. b4 d5 11. cxd5 cxd5 12. d4 e4 13. Bd2 Bd7 14. Rfc1 Rc8 15. Qb3 Bg4 16. Ra2 Qd7 17. Rac2 Nb5 18. Bf1 Nxc3 19. Nxc3 a6 20. b5 axb5 21. Nxb5 Rxc2 22. Qxc2 Rd8 23. Bb4 Bf8 24. Bxf8 Kxf8 25. Qc5+ Qe7 26. Qb6 Rc8 27. Rxc8+ Bxc8 28. Nd6 Be6 29. Nxb7 Qxa3 30. Nc5 Ke7 31. Qc7+ Nd7 32. Kg2 Qb2 33. Nb7 Qb6 34. Qxb6 Nxb6 35. Nc5 Bc8 36. Bb5 Bd7 37. Ba6 Na8 38. f3 f5 39. fxe4 fxe4 40. Bb7 Nc7 41. Na6 Nxa6 42. Bxa6 h6 43. Bb7 Kd6 44. Kf2 Be6 45. Ke1 Kc7 46. Ba8 Kb6 47. Kd2 Kc7 48. Kc3 Kd6 49. Kb4 Bd7 50. Bb7 Bg4 51. Kb5 Be2+ 52. Kb6 Bg4 53. Bc6 g5 54. Be8 h5 55. h4 gxh4 56. gxh4 Ke7 57. Bg6 Kf6 58. Be8 Ke7 59. Bb5 Kd6 60. Bc6 Bc8 61. Be8 Bg4 62. Bf7 Bf3 63. Kb7 Bg4 64. Kb8 Kc6 65. Ka7 Kd6 66. Kb6 Be2 67. Ka5 Bf3 68. Kb4 Be2 69. Kc3 Bg4 70. Kd2 Bf3 71. Ke1 1-0

[Event "Belgrade Spring op"]
[Site "Belgrade"]
[Date "2010.03.23"]
[Round "1"]
[White "Sekulovic, Dusica"]
[Black "Jakovljevic, Zivota"]
[Result "0-1"]
[WhiteElo "1782"]
[BlackElo "2120"]
[PlyCount "163"]
[EventDate "2010.03.23"]
[EventType "swiss"]
[EventRounds "9"]
[EventCountry "YUG"]
[SourceTitle "CBM 135 Extra"]
[Source "ChessBase"]
[SourceDate "2010.05.04"]
[SourceVersion "1"]
[SourceVersionDate "2010.05.04"]
[SourceQuality "1"]

1. e4 e6 2. d4 d5 3. exd5 exd5 4. Bd3 Nf6 5. Ne2 Bd6 6. 0-0 0-0 7. h3 c6 8. c3 Nbd7 9. Qc2 Re8 10. Bg5 Qc7 11. Nd2 h6 12. Bh4 b6 13. Bg3 c5 14. Bxd6 Qxd6 15. Ng3 c4 16. Bf5 Nf8 17. Rfe1 Bxf5 18. Nxf5 Qd7 19. Nf3 Ne4 20. Ne3 Rac8 21. Re2 Ng6 22. Ng4 Nf4 23. Re3 f6 24. Nd2 h5 25. Nh2 Nxd2 26. Qxd2 Rxe3 27. fxe3 Nd3 28. Nf3 Re8 29. Ne1 Nxe1 30. Qxe1 Qe6 31. Rd1 Qxe3+ 32. Qxe3 Rxe3 33. Kf2 Re7 34. Rd2 Kf7 35. Kf3 Re1 36. Kf2 Re7 37. Kf3 Kg6 38. Kg3 Kg5 39. h4+ Kg6 40. Kf3 Re1 41. Kf2 Rh1 42. Kg3 Ra1 43. a3 Re1 44. Kf2 Re4 45. Kg3 f5 46. Rf2 Kf6 47. Kh3 g5 48. hxg5+ Kxg5 49. g3 h4 50. gxh4+ Rxh4+ 51. Kg3 Rg4+ 52. Kh3 f4 53. Re2 Rg3+ 54. Kh2 Re3 55. Rxe3 fxe3 56. Kg3 e2 57. Kf2 e1Q+ 58. Kxe1 Kf4 59. Kf2 b5 60. Ke2 Ke4 61. Kd2 Kf3 62. Kd1 Ke3 63. Kc2 Ke2 64. Kc1 Kd3 65. Kd1 Ke3 66. Kc2 Ke2 67. Kc1 Kd3 68. Kd1 a6 69. Kc1 a5 70. Kd1 Ke3 71. Kc2 Ke2 72. Kc1 Kd3 73. Kd1 b4 74. axb4 axb4 75. cxb4 Kxd4 76. Kd2 Ke5 77. Kc3 Ke4 78. b5 d4+ 79. Kxc4 d3 80. b6 d2 81. b7 d1Q 82. b8Q 0-1

[Event "Belgrade-ch (Women)"]
[Site "Belgrade"]
[Date "2010.01.26"]
[Round "4"]
[White "Sekulovic, Dusica"]
[Black "Mandic, Milica"]
[Result "1-0"]
[WhiteElo "1785"]
[BlackElo "1467"]
[PlyCount "63"]
[EventDate "2010.01.23"]
[EventType "swiss"]
[EventRounds "9"]
[EventCountry "YUG"]
[SourceTitle "CBM 134 Extra"]
[Source "ChessBase"]
[SourceDate "2010.03.03"]
[SourceVersion "1"]
[SourceVersionDate "2010.03.03"]
[SourceQuality "1"]

1. e4 c5 2. Nc3 e6 3. d3 a6 4. g3 Nc6 5. Bg2 Qc7 6. f4 b5 7. Nf3 Bb7 8. 0-0 Nge7 9. e5 Nf5 10. Ne4 Be7 11. c3 d5 12. exd6 Nxd6 13. Nxc5 Qb6 14. d4 0-0 15. Nxb7 Nxb7 16. Kh1 Rfd8 17. Qe2 b4 18. Be3 Qc7 19. Rfd1 Bf6 20. Rac1 Qd6 21. Ne5 Nca5 22. cxb4 Qxb4 23. a3 Qd6 24. b4 Nb3 25. Rb1 Nxd4 26. Rxd4 Qc7 27. Rc4 Qe7 28. Nc6 Qd7 29. Nxd8 Rxd8 30. Bb6 Rc8 31. Rxc8+ Qxc8 32. Qxa6 1-0

[Event "Belgrade-ch (Women)"]
[Site "Belgrade"]
[Date "2010.01.25"]
[Round "3"]
[White "Rakic, Teodora"]
[Black "Sekulovic, Dusica"]
[Result "1-0"]
[WhiteElo "1722"]
[BlackElo "1785"]
[PlyCount "74"]
[EventDate "2010.01.23"]
[EventType "swiss"]
[EventRounds "9"]
[EventCountry "YUG"]
[SourceTitle "CBM 134 Extra"]
[Source "ChessBase"]
[SourceDate "2010.03.03"]
[SourceVersion "1"]
[SourceVersionDate "2010.03.03"]
[SourceQuality "1"]

1. d4 g6 2. c4 Bg7 3. Nc3 Nf6 4. e4 d6 5. Nf3 0-0 6. Be2 c6 7. 0-0 Bg4 8. Be3 Nbd7 9. Qc2 Qc7 10. b4 a6 11. Rfc1 Rfc8 12. Qb3 c5 13. bxc5 dxc5 14. dxc5 Nxc5 15. Bxc5 Qxc5 16. Na4 Qa7 17. Nb6 Nxe4 18. Rab1 Rab8 19. Qe3 Rd8 20. Qxe4 Bf5 21. Qe3 Rd6 22. Rb3 Re6 23. Qd2 Rd6 24. Qb4 Re6 25. Bf1 Rd8 26. Nd5 b5 27. Re1 Rxe1 28. Qxe1 e6 29. Ne3 bxc4 30. Bxc4 Be4 31. Ng5 Bc6 32. Qa5 Qd4 33. Qe1 Bf6 34. Rd3 Qf4 35. Rxd8+ Bxd8 36. Nh3 Qe5 37. Nc2 Qc5 1-0

[Event "Belgrade op"]
[Site "Belgrade"]
[Date "2009.11.28"]
[Round "5"]
[White "Ristic, Slobodan B"]
[Black "Sekulovic, Dusica"]
[Result "1-0"]
[WhiteElo "2077"]
[BlackElo "1784"]
[PlyCount "73"]
[EventDate "2009.11.24"]
[EventType "swiss"]
[EventRounds "9"]
[EventCountry "YUG"]
[SourceTitle "CBM 133 Extra"]
[Source "ChessBase"]
[SourceDate "2010.01.05"]
[SourceVersion "1"]
[SourceVersionDate "2010.01.05"]
[SourceQuality "1"]

1. e4 c5 2. Nf3 Nc6 3. c3 d5 4. exd5 Qxd5 5. d4 Bg4 6. dxc5 Qxd1+ 7. Kxd1 e5 8. Be3 e4 9. h3 Bh5 10. g4 exf3 11. gxh5 Nf6 12. Bc4 0-0-0+ 13. Kc2 Ne4 14. Bb3 Ne5 15. Re1 Nd3 16. Rd1 Ndxf2 17. Rf1 Nd3 18. Nd2 Nxd2 19. Bxd2 Bxc5 20. Rxf3 Ne5 21. Rf5 Bd6 22. Re1 f6 23. h6 gxh6 24. Rxf6 Rhf8 25. Rxd6 Rxd6 26. Rxe5 Rf2 27. Bd5 b6 28. c4 Kd7 29. Kc3 Rg6 30. Be3 Rg3 31. Re4 Re2 32. Kd4 Rxb2 33. Be6+ Kc6 34. Bf5 Rxa2 35. Re6+ Kb7 36. Re7+ Ka6 37. Bc8+ 1-0

[Event "Belgrade Summer op"]
[Site "Belgrade"]
[Date "2009.06.10"]
[Round "8"]
[White "Janic, Dusan"]
[Black "Sekulovic, Dusica"]
[Result "1-0"]
[WhiteElo "1760"]
[BlackElo "1807"]
[PlyCount "121"]
[EventDate "2009.06.02"]
[EventType "swiss"]
[EventRounds "9"]
[EventCountry "SRB"]
[SourceTitle "EXT 2019"]
[Source "ChessBase"]
[SourceDate "2018.10.10"]
[SourceVersion "1"]
[SourceVersionDate "2018.10.10"]
[SourceQuality "1"]

1. Nf3 d5 2. d4 Nf6 3. e3 g6 4. c4 e6 5. Bd3 Bg7 6. 0-0 dxc4 7. Bxc4 0-0 8. Nc3 a6 9. b3 Nbd7 10. Bb2 Nb6 11. Bd3 Nbd5 12. Rc1 c6 13. Ne5 Nxc3 14. Bxc3 Nd5 15. Bb2 a5 16. Ba3 Nb4 17. Bb1 Re8 18. Qe2 Qc7 19. Nd3 Nxd3 20. Bxd3 a4 21. b4 Qd6 22. Rfd1 b5 23. Be4 Bb7 24. Rc5 Rec8 25. Rdc1 Qd7 26. Qf3 Rab8 27. Bxc6 Bxc6 28. Rxc6 Rxc6 29. Qxc6 Qxc6 30. Rxc6 Bf8 31. Kf1 Be7 32. Ke2 Kf8 33. Kd3 Ke8 34. e4 Kd7 35. Rc2 Rb7 36. f3 Rb6 37. g4 Bd6 38. h3 Be7 39. Ke3 Rc6 40. Rxc6 Kxc6 41. Kd3 g5 42. Kc3 f6 43. Bc1 h6 44. a3 Bd6 45. Bd2 Bg3 46. Kd3 Bd6 47. Ke2 Be7 48. f4 Bd8 49. fxg5 fxg5 50. Kf3 Kd6 51. Kg3 Bb6 52. Be3 Bd8 53. Kf3 Kc6 54. Bc1 Bf6 55. e5 Bd8 56. Ke4 Be7 57. Bd2 Bd8 58. Bc3 Be7 59. d5+ exd5+ 60. Kf5 Kd7 61. e6+ 1-0